Ida y vuelta

Bewaard in:
Bibliografische gegevens
Hoofdauteur: Pinto, Roxana
Formaat: Boek
Taal:Spanish
Gepubliceerd in: San José, Costa Rica URUK Editores 2016
Onderwerpen:
Tags: Voeg label toe
Geen labels, Wees de eerste die dit record labelt!

MARC

LEADER 00000nam a22000007a 4500
008 170831b xxu||||| |||| 00| 0 spa d
040 |a cru BVZT 
090 |a 868 P-8.1i 
100 |a Pinto, Roxana 
245 |a Ida y vuelta  |c Roxana Pinto 
260 |a San José, Costa Rica  |b URUK Editores  |c 2016 
300 |a 234 páginas 
546 |a Español 
650 |a LITERATURA COSTARRICENSE 
650 |a NOVELA 
999 |c 15355  |d 15355 
942 |c 15 D  |h 868 P-8.1i  |2 z